Manufacturing engineering and technology / (Record no. 30492)
[ view plain ]
| 000 -LEADER | |
|---|---|
| fixed length control field | 00712nac a22002171i 4500 |
| 003 - CONTROL NUMBER IDENTIFIER | |
| control field | EG-ScBUE |
| 005 - DATE AND TIME OF LATEST TRANSACTION | |
| control field | 20230829125011.0 |
| 008 - FIXED-LENGTH DATA ELEMENTS--GENERAL INFORMATION | |
| fixed length control field | 090226s2001 nju||||| |||| 00| 0 eng d |
| 020 ## - INTERNATIONAL STANDARD BOOK NUMBER | |
| International Standard Book Number | 0130174408 |
| 020 ## - INTERNATIONAL STANDARD BOOK NUMBER | |
| International Standard Book Number | 9780130174406 |
| 040 ## - CATALOGING SOURCE | |
| Original cataloging agency | EG-ScBUE |
| Language of cataloging | eng |
| Description conventions | rda |
| Transcribing agency | EG-ScBUE |
| Modifying agency | EG-ScBUE |
| 082 04 - DEWEY DECIMAL CLASSIFICATION NUMBER | |
| Classification number | 670.42 |
| Item number | KAL |
| Edition number | 22 |
| 100 1# - MAIN ENTRY--PERSONAL NAME | |
| Personal name | Kalpakjian, Serope, |
| Relator term | author. |
| 9 (RLIN) | 5468 |
| 245 10 - TITLE STATEMENT | |
| Title | Manufacturing engineering and technology / |
| Statement of responsibility, etc | Serope Kalpakjian. |
| 250 ## - EDITION STATEMENT | |
| Edition statement | Fourth edition. |
| 264 #1 - PUBLICATION, DISTRIBUTION, ETC. (IMPRINT) | |
| Place of publication, distribution, etc | Upper Saddle River, NJ : |
| Name of publisher, distributor, etc | Prentice Hall, |
| Date of publication, distribution, etc | 2001. |
| 300 ## - PHYSICAL DESCRIPTION | |
| Extent | xx, 1148 p. : |
| Other physical details | ill. ; |
| Dimensions | 26 cm. |
| 650 #0 - SUBJECT ADDED ENTRY--TOPICAL TERM | |
| Topical term or geographic name as entry element | Production engineering. |
| 9 (RLIN) | 5469 |
| 650 #0 - SUBJECT ADDED ENTRY--TOPICAL TERM | |
| Topical term or geographic name as entry element | Manufacturing processes. |
| 9 (RLIN) | 5470 |
| 942 ## - ADDED ENTRY ELEMENTS (KOHA) | |
| Koha item type | Book - Borrowing |
| Call number prefix | 670.42 KAL |
| Source of classification or shelving scheme | Dewey Decimal Classification |
| Withdrawn status | Lost status | Source of classification or shelving scheme | Damaged status | Not for loan | Collection code | Home library | Current library | Shelving location | Date acquired | Source of acquisition | Cost, normal purchase price | Total Checkouts | Total Renewals | Full call number | Barcode | Date last seen | Date checked out | Cost, replacement price | Price effective from | Koha item type | Materials specified (bound volume or other part) |
|---|---|---|---|---|---|---|---|---|---|---|---|---|---|---|---|---|---|---|---|---|---|
| Dewey Decimal Classification | Central Library | Central Library | First floor | 08/11/2005 | 180.00 | 9 | 70 | 670.42 KAL | 000004866 | 15/07/2025 | 13/02/2019 | 225.00 | 08/11/2005 | Book - Borrowing | |||||||
| Dewey Decimal Classification | Central Library | Central Library | First floor | 08/11/2005 | 180.00 | 8 | 41 | 670.42 KAL | 000004829 | 15/07/2025 | 09/04/2019 | 225.00 | 08/11/2005 | Book - Borrowing | |||||||
| Lost | Dewey Decimal Classification | Central Library | Central Library | First floor | 08/11/2005 | 180.00 | 5 | 23 | 670.42 KAL | 000004889 | 30/09/2018 | 20/09/2018 | 225.00 | 08/11/2005 | Book - Borrowing | Lost In Inventory_18-8-2021 | |||||
| Dewey Decimal Classification | Central Library | Central Library | First floor | 08/11/2005 | 180.00 | 13 | 55 | 670.42 KAL | 000004865 | 15/07/2025 | 13/02/2019 | 225.00 | 08/11/2005 | Book - Borrowing | |||||||
| Dewey Decimal Classification | Central Library | Central Library | First floor | 26/02/2009 | 180.00 | 670.42 KAL | 000004910 | 15/07/2025 | 225.00 | 26/02/2009 | NB - Book (Non borrowing) |